| 000 | 02860cam a22005774i 4500 | ||
|---|---|---|---|
| 003 | PE-LiUPU | ||
| 005 | 20250731175642.0 | ||
| 008 | 150706s2012 pe a rb 000 0 spa d | ||
| 020 | _a9786124616907 | ||
| 035 | _a(Sirsi) i9786124616907 | ||
| 040 |
_aPE-LiUPU _bspa _cPE-LiUPU _erda |
||
| 049 | _aPRUA | ||
| 082 | 0 | 4 |
_a413.028 _bH532012 _221 |
| 082 | 0 | 4 |
_a413.028 _bH53 2012 |
| 100 | 1 |
_aHildebrandt, Martha, _eautor. |
|
| 245 | 1 | 3 |
_aEl habla culta / _cMartha Hilderbrant. |
| 250 | _aPrimera edición. | ||
| 264 | 1 |
_aLima : _bPlaneta Perú, _c2012. |
|
| 300 |
_a427 páginas ; _c24 centimetros |
||
| 336 |
_atext _2rdacontent |
||
| 337 |
_aunmediated _2rdamedia |
||
| 338 |
_avolume _2rdacarrier |
||
| 504 | _aIncluye bibliografía. | ||
| 505 | 0 | _aLéxico (en orden alfabético). | |
| 526 | _aP145 | ||
| 526 | _aP127 | ||
| 526 | _aP97 | ||
| 526 | _aP35 | ||
| 526 | _aP14 | ||
| 526 | _aP07 | ||
| 541 | _g045-0004363; | ||
| 541 | _g045-0004361; | ||
| 541 | _g001-0037504; | ||
| 650 | 0 | 4 |
_aLexicología _vDiccionarios. |
| 650 | 0 | 4 |
_aEspañol _xModismos _vDiccionarios. |
| 650 | 0 | 4 |
_aEspañol _xExpresiones idiomáticas. |
| 910 |
_agl _cjck _d20121204 |
||
| 910 |
_btqv _cjhc _d20161004 |
||
| 942 |
_2ddc _cBOOK |
||
| 949 |
_a413.028 H53 2012 _wDEWEY _c1 _i65809 _lCCODEBUL1 _mBUL _p18.00 _r0 _sY _tBOOK _u2015-7-6 _xFCE _zAGB _o.STAFF. Colección General |
||
| 949 |
_a413.028 H53 2012 _wDEWEY _c2 _i65813 _lCCODEBUL1 _mBUL _p18.00 _r0 _sY _tBOOK _u2015-7-6 _xFCE _zAGB _o.STAFF. Colección General |
||
| 949 |
_a413.028 H53 2012 _wDEWEY _c3 _i68335 _lCCODEBUL1 _mBUL _p19.00 _r0 _sY _tBOOK _u2015-7-6 _xEDUCACION _PP20 _o.STAFF. Colección General |
||
| 949 |
_a413.028 H53 2012 _wDEWEY _c1 _iFJ02487 _lCCODEBUJ1 _mBUJ _p14.75 _r0 _sY _tBOOK _u2016-10-04 _xBIBLIOTECA _zUNKNOWN _0COMPRA _o.STAFF. Colección General Juliaca |
||
| 994 |
_aC0 _bPEPRU |
||
| 596 | _a1 3 | ||
| 999 |
_a413.028 H53 2012 _wDEWEY _c54210 _i65809 _d54210 _e2019-4-8 _f2021-11-8 _g4 _lCCODEBUL1 _mBUL _n8 _p18.00 _r0 _sN _tBOOK _u2015-7-6 _xEDUCACION _zAGB _0COMPRA _o.STAFF. Colección General |
||
| 999 |
_a413.028 H53 2012 _wDEWEY _c2 _i65813 _d2019-9-15 _e2019-9-11 _f2021-11-8 _g5 _lCCODEBUL1 _mBUL _n13 _p18.00 _r0 _sN _tBOOK _u2015-7-6 _xEDUCACION _zAGB _0COMPRA _o.STAFF. Colección General |
||
| 999 |
_a413.028 H53 2012 _wDEWEY _c3 _i68335 _d2019-6-10 _e2019-6-7 _f2021-11-8 _g5 _lCCODEBUL1 _mBUL _n11 _p19.00 _q2 _r0 _sY _tBOOK _u2015-7-6 _xEDUCACION _PP20 _0COMPRA _o.STAFF. Colección General |
||
| 999 |
_a413.028 H53 2012 _wDEWEY _c1 _iFJ02487 _d2019-4-3 _e2018-3-28 _f2022-1-19 _g3 _lCCODEBUJ1 _mBUJ _n1 _p14.75 _q7 _r0 _sY _tBOOK _u2016-10-4 _xBIBLIOTECA _zUNKNOWN _0COMPRA _o.STAFF. Colección General Juliaca |
||
| 980 |
_81 _gALBERTO SANCHEZ Responsable de Automatización |
||